| 000 | 00562nam a2200181Ia 4500 | ||
|---|---|---|---|
| 001 | 24825 | ||
| 005 | 20260414151109.0 | ||
| 008 | 260414t2005||||xx |||||||||||||| ||spa|| | ||
| 041 | _aESP | ||
| 082 |
_a346 _bD71 V. 2 |
||
| 100 |
_aDiez-Picazo, Luis _eAUT |
||
| 245 | 0 |
_aSistema de derecho civil : _bel contrato en general. La relación obligatoria. Contratos en especial. Cuasi contratos. Enriquecimiento sin causa. Responsabilidad extracontractual |
|
| 260 | _c2005 | ||
| 300 |
_a _c24 cm. |
||
| 650 | _aDER | ||
| 654 | _aCDE | ||
| 942 |
_cLIB _dJUS _fJUS _2ddc _n |
||
| 999 |
_c24825 _d24825 |
||